Elements of electromagnetics / (Record no. 60665)

000 -LEADER
fixed length control field 01450cam a2200337 a 4500
001 - CONTROL NUMBER
control field 15960597
003 - CONTROL NUMBER IDENTIFIER
control field NUST-PNEC
005 - DATE AND TIME OF LATEST TRANSACTION
control field 20170116180704.0
008 - FIXED-LENGTH DATA ELEMENTS--GENERAL INFORMATION
fixed length control field 091026s2010 nyua b 001 0 eng
010 ## - LIBRARY OF CONGRESS CONTROL NUMBER
LC control number 2009042875
020 ## - INTERNATIONAL STANDARD BOOK NUMBER
International Standard Book Number 9780195387759
020 ## - INTERNATIONAL STANDARD BOOK NUMBER
International Standard Book Number 0195387759
035 ## - SYSTEM CONTROL NUMBER
System control number (OCoLC)ocn437300027
040 ## - CATALOGING SOURCE
Original cataloging agency DLC
Transcribing agency PNEC
Modifying agency BTCTA
050 00 - LIBRARY OF CONGRESS CALL NUMBER
Classification number QC760
Item number .S23 2010
082 00 - DEWEY DECIMAL CLASSIFICATION NUMBER
Classification number 537 SAD
Edition number 22
100 1# - MAIN ENTRY--PERSONAL NAME
Personal name Sadiku, Matthew N. O.
245 10 - TITLE STATEMENT
Title Elements of electromagnetics /
Statement of responsibility, etc. Matthew N.O. Sadiku.
250 ## - EDITION STATEMENT
Edition statement 5th ed.
260 ## - PUBLICATION, DISTRIBUTION, ETC.
Place of publication, distribution, etc. New York :
Name of publisher, distributor, etc. Oxford University Press,
Date of publication, distribution, etc. 2010.
300 ## - PHYSICAL DESCRIPTION
Extent xvi, 845 p. :
Other physical details ill ;
Dimensions 25 cm.
500 ## - GENERAL NOTE
General note Includes Index http://www.amazon.com/Elements-Electromagnetics-Matthew-N-O-Sadiku/dp/0195387759/ref=sr_1_1?s=books&ie=UTF8&qid=1410939071&sr=1-1&keywords=9780195387759
504 ## - BIBLIOGRAPHY, ETC. NOTE
Bibliography, etc. note Includes bibliographical references and index.
650 #0 - SUBJECT ADDED ENTRY--TOPICAL TERM
Topical term or geographic name entry element Electromagnetism.
General subdivision EL
856 42 - ELECTRONIC LOCATION AND ACCESS
Materials specified Contributor biographical information
Uniform Resource Identifier <a href="http://www.loc.gov/catdir/enhancements/fy1010/2009042875-b.html">http://www.loc.gov/catdir/enhancements/fy1010/2009042875-b.html</a>
856 42 - ELECTRONIC LOCATION AND ACCESS
Materials specified Publisher description
Uniform Resource Identifier <a href="http://www.loc.gov/catdir/enhancements/fy1010/2009042875-d.html">http://www.loc.gov/catdir/enhancements/fy1010/2009042875-d.html</a>
856 41 - ELECTRONIC LOCATION AND ACCESS
Materials specified Table of contents only
Uniform Resource Identifier <a href="http://www.loc.gov/catdir/enhancements/fy1010/2009042875-t.html">http://www.loc.gov/catdir/enhancements/fy1010/2009042875-t.html</a>
906 ## - LOCAL DATA ELEMENT F, LDF (RLIN)
a 7
b cbc
c orignew
d 1
e ecip
f 20
g y-gencatlg
942 ## - ADDED ENTRY ELEMENTS (KOHA)
Source of classification or shelving scheme
Koha item type Book
Holdings
Withdrawn status Lost status Source of classification or shelving scheme Damaged status Not for loan Permanent Location Current Location Shelving location Date acquired Source of acquisition Cost, normal purchase price Total Checkouts Full call number Barcode Date last seen Cost, replacement price Price effective from Koha item type
          Pakistan Navy Engineering College (PNEC) Pakistan Navy Engineering College (PNEC) Reference 02/18/2011 Progressive International Agency 13473.25   537 SAD PNECLIB-030336 09/17/2014 13473.25 02/18/2011 Book
© 2023 Central Library, National University of Sciences and Technology. All Rights Reserved.